000 01025nam a2200289 a 4500
999 _c9474
_d9474
001 2037560
003 OSt
005 20210114165059.0
008 920314s1992 txu 000 0 eng
010 _a 92131399
020 _a0945276230
040 _aDLC
_cDLC
050 0 0 _aBV4596.A25
_bK85
082 0 0 _a261.8/32
_220
100 1 _aKubetin, Cynthia A.
245 1 0 _aBeyond the darkness /
_cCynthia A. Kubetin & James Mallory.
260 _aHouston, Tex. :
_bRapha Pub. ;
_aDallas :
_bWord,
_cc1992.
300 _axxvii, 276 p. ;
_c22 cm.
650 0 _aAdult child sexual abuse victims
_xReligious life.
650 0 _aAdult child sexual abuse victims
_xMental health.
650 0 _aAdult child sexual abuse victims
_xRehabilitation.
650 0 _aPastoral psychology.
700 1 _aMallory, James D.
906 _a7
_bcbc
_corignew
_d2
_encip
_f19
_gy-gencatlg
942 _2ddc
_cBK